书目信息 |
| 题名: |
能源博弈
|
|
| 作者: | 鲍尔 著 ;杨汉峰 译 | |
| 分册: | 上册 | |
| 出版信息: | 北京 石油工业出版社 2011.01 |
|
| 页数: | 268页 | |
| 开本: | 25cm | |
| 丛书名: | 读点石油财经丛书 | |
| 单 册: | ||
| 中图分类: | F416.22 | |
| 科图分类: | ||
| 主题词: | 石油经济--研究--世界 , 石油经济 | |
| 电子资源: | ||
| ISBN: | 978-7-5021-8229-8 | |
| 000 | 01089oam2 2200289 45 | |
| 001 | 1354489186 | |
| 005 | 20130510101308.64 | |
| 010 | @a978-7-5021-8229-8@dCNY38.00 | |
| 100 | @a20130108d2011 ekmy0chiy50 ea | |
| 101 | 1 | @achi@ceng |
| 102 | @aCN@b110000 | |
| 105 | @ay z 000yy | |
| 106 | @ar | |
| 200 | 1 | @a能源博弈@ANeng Yuan Bo Yi@e21世的石油,金钱与贪婪@E21 Shi De Shi You, Jin Qian Yu Tan Lan@h上册@HShang Ce@f(英)汤姆·鲍尔(Tom Bower)著@F( Ying ) Tang Mu· Bao Er (Tom Bower) Zhu@g杨汉峰译 |
| 210 | @a北京@c石油工业出版社@d2011.01 | |
| 215 | @a268页@d25cm | |
| 225 | 2 | @a读点石油财经丛书 |
| 330 | @a本书主要内容包括:沙皇,勘探家,大牌交易员,创伤,名角,分赃,寡头,可疑的贸易商,危机等。 | |
| 461 | 0 | @12001 @a读点石油财经丛书 |
| 517 | 1 | @a21世的石油,金钱与贪婪@A21 Shi De Shi You, Jin Qian Yu Tan Lan |
| 606 | 0 | @a石油经济@x研究@y世界 |
| 606 | 0 | @a石油经济 |
| 690 | @aF416.22@v5 | |
| 701 | 1 | @c(美)@a鲍尔@ABao Er@c(Bower, Tom@f1946-)@4著 |
| 702 | 0 | @a杨汉峰@AYang Han Feng@4译 |
| 801 | @aCN@bTANGWEI@c20130109 | |
| 905 | @b0830253-56@dF416.22@e13:1@f4 | |
| 能源博弈:21世的石油,金钱与贪婪.上册/(英)汤姆·鲍尔(Tom Bower)著/杨汉峰译.-北京:石油工业出版社,2011.01 |
| 268页;25cm.-(读点石油财经丛书) |
| ISBN 978-7-5021-8229-8:CNY38.00 |
| 本书主要内容包括:沙皇,勘探家,大牌交易员,创伤,名角,分赃,寡头,可疑的贸易商,危机等。 |
| ● |
| 相关链接 |
|
|
|
|
正题名:能源博弈
索取号:F416.22/13:1
 
预约/预借
| 序号 | 登录号 | 条形码 | 馆藏地/架位号 | 状态 | 备注 |
| 1 | 0830253 | 208302530 | 第一样本阅览室/ [索取号:F416.22/13:1] | 在馆 | |
| 2 | 0830254 | 208302549 | 第一借阅区/ [索取号:F416.22/13:1] | 在馆 | |
| 3 | 0830255 | 208302558 | 第一借阅区/ [索取号:F416.22/13:1] | 在馆 | |
| 4 | 0830256 | 208302567 | 第一借阅区/ [索取号:F416.22/13:1] | 在馆 |